Принципы построения цифровых генераторов синусоидальных сигналов; Проблемы метрологии

Podrobná bibliografie
Parent link:Проблемы метрологии.— 1985.— С. 80-88
Hlavní autor: Рыбин Ю. К.
Další autoři: Мошкин В. В.
Jazyk:ruština
Vydáno: 1985
Témata:
Médium: MixedMaterials Kapitola
KOHA link:https://koha.lib.tpu.ru/cgi-bin/koha/opac-detail.pl?biblionumber=594917

MARC

LEADER 00000naa0a2200000 4500
001 594917
005 20250220162919.0
035 |a (RuTPU)RU\TPU\tpu\12233 
035 |a RU\TPU\tpu\12232 
090 |a 594917 
100 |a 20050601d1985 k y0rusy50 ca 
101 0 |a rus 
102 |a RU 
200 1 |a Принципы построения цифровых генераторов синусоидальных сигналов  |f Ю. К. Рыбин, В. В. Мошкин 
463 |t Проблемы метрологии  |o межвузовский научно-технический сборник  |v С. 80-88  |d 1985 
610 1 |a синусоидальные сигналы 
610 1 |a цифровые генераторы 
610 1 |a построение 
610 1 |a труды учёных ТПУ 
700 1 |a Рыбин  |b Ю. К. 
701 1 |a Мошкин  |b В. В. 
801 1 |a RU  |b 63413507  |c 20050601  |g PSBO 
801 2 |a RU  |b 63413507  |c 20100416  |g PSBO 
942 |c BK